| 000 | 00661nam a2200241Ia 4500 | ||
|---|---|---|---|
| 003 | OSt | ||
| 005 | 20220926004920.0 | ||
| 006 | a|||||r|||| 00| 0 | ||
| 007 | ta | ||
| 008 | 220923b |||||||| |||| 00| 0 eng d | ||
| 020 | _a8170362024 | ||
| 037 | _cGeneral Book | ||
| 040 |
_aRTL _cRTL _beng |
||
| 041 |
_2eng _aeng |
||
| 082 | _aY35.216, N0/TD | ||
| 100 | _aNAIDU Ratna | ||
| 245 | 0 |
_aOld cities, new predicaments _b A study of Hyderabad |
|
| 260 |
_a New Delhi _bSage _c1990 |
||
| 300 |
_a177p _ccm. |
||
| 500 | _aGlossary: P 171-72 | ||
| 942 |
_hY35.216, N0/TD _cGB _2CC |
||
| 999 |
_c612579 _d612579 |
||